|
|
|
|
| LEADER |
01010cam a22002294a 4500 |
| 001 |
16092936 |
| 003 |
GR-PaULI |
| 005 |
20210117210723.0 |
| 008 |
100216s2010 enkaf b 001 0 eng |
| 952 |
|
|
|0 0
|1 0
|2 ddc
|4 0
|6 576_839000000000000_DAV
|7 0
|9 225985
|a LISP
|b LISP
|c BSC
|d 2018-09-26
|i 138179
|l 0
|o 576.839 DAV
|p 025000259039
|r 2018-09-26 00:00:00
|t 1
|v 2018.00
|w 2018-09-26
|y BK15
|
| 999 |
|
|
|c 136364
|d 136364
|
| 020 |
|
|
|a 9781846141423
|c
|
| 040 |
|
|
|a DLC
|c DLC
|d DLC
|b gre
|e AACR2
|
| 082 |
0 |
0 |
|a 576.839
|2 23
|
| 100 |
|
|
|a Davies, Paul Charles William,
|9 344
|d 1946-
|e συγγραφέας.
|
| 245 |
1 |
4 |
|a The eerie silence :
|b are we alone in the universe? /
|c Paul Davies.
|
| 260 |
|
|
|a London :
|b Allen Lane an imprint of Penguin Books,
|c 2010.
|
| 300 |
|
|
|a xiii, 241, [4] σ. :
|b εικ.;
|c 24 εκ.
|
| 504 |
|
|
|a Περιλαμβάνει βιβλιογραφικές παραπομπές και ευρετήριο.
|
| 650 |
|
4 |
|a Ζωή σε άλλους πλανήτες
|9 8194
|
| 942 |
|
|
|2 ddc
|c BK15
|
| 998 |
|
|
|c ΜΠΟΥΡΑΣ
|d 2018-09
|